| 000 | 01049cab a2200301 4500 | ||
|---|---|---|---|
| 001 | ABS58163 | ||
| 008 | 090401t1998 xxu||||| |||| 00| 0 eng d | ||
| 035 | _a(Sirsi) u83262 | ||
| 041 | _aeng | ||
| 100 | _aSmithers, T. | ||
| 245 | _aEnvironmental liability: The muck stops here | ||
| 260 | _c1998 | ||
| 350 | _a0 | ||
| 490 |
_aEstates Gazette _v(9802) 10 January 1998, 115-117(3) |
||
| 520 | _aExamines the legislation landowners and occupiers should be aware of when dealing with potential pollutants with reference to "Cambridge Water Co Ltd v Eastern Counties Leather plc" and "Prudential v Powergen". | ||
| 650 | _aCAMBRIDGE WATER CO LTD V EASTERN COUNTIES LEATHER PLC | ||
| 650 | _aCONTAMINATED LAND | ||
| 650 | _aCRIMINAL LIABILITY | ||
| 650 | _aDUTY OF CARE | ||
| 650 | _aENVIRONMENTAL LIABILITY | ||
| 650 | _aENVIRONMENTAL PROTECTION ACT 1990 | ||
| 650 | _aPOLLUTANTS | ||
| 650 | _aPRUDENTIAL V POWERGEN | ||
| 690 | _aENVIRONMENTAL AND LAND CONSULTANCY | ||
| 700 | _aSeal, N. | ||
| 942 | _n0 | ||
| 948 | _c22/01/1998 | ||
| 999 |
_c52579 _d52579 |
||